Statistics for Countries with at least 2 large Cities

Click here to take the quiz!

General Stats

  • This quiz has been taken 768 times
    (197 since last reset)
  • The average score is 64 of 77

Answer Stats

#Country% Correct
78United States
99%
224China
98%
107India
98%
30Mexico
98%
14United Kingdom
98%
36Brazil
97%
11France
97%
9Argentina
96%
15Germany
96%
10Colombia
95%
11Spain
95%
8Canada
94%
11Italy
94%
22Japan
94%
38Russia
94%
6Australia
93%
23Indonesia
93%
3Algeria
91%
24Nigeria
91%
15Pakistan
91%
11Saudi Arabia
91%
15Turkey
91%
8Ukraine
91%
7Venezuela
91%
3Chile
90%
6Egypt
90%
16Iran
90%
11South Korea
90%
10D. R. Congo
89%
2Portugal
89%
7South Africa
89%
5Vietnam
89%
2Greece
88%
10Iraq
88%
8Morocco
88%
2Sweden
88%
7Poland
87%
4Peru
85%
3Bolivia
84%
4Kazakhstan
84%
6Malaysia
84%
4Thailand
84%
3United Arab Emirates
84%
2Sudan
83%
4Israel
80%
3Libya
80%
21Philippines
80%
2Ecuador
79%
2Kenya
79%
6Bangladesh
78%
3Belgium
78%
2Myanmar
78%
3Netherlands
78%
3North Korea
78%
2Rep. Congo
78%
4Angola
77%
7Syria
77%
2Afghanistan
76%
2Somalia
76%
3Switzerland
76%
5Taiwan
75%
2Tunisia
75%
2Dominican Republic
74%
3Tanzania
74%
3Ghana
72%
4Yemen
72%
2Cameroon
70%
3Uzbekistan
70%
2Mozambique
69%
2Zimbabwe
68%
2Senegal
65%
2Cote d'Ivoire
64%
3Zambia
64%
2Honduras
51%
2Benin
49%
2Malawi
45%
2Burkina Faso
36%

Score Distribution

Percentile by Number Answered

Percent of People with Each Score

Your Score History

You have not taken this quiz since the last reset